Capitals Without the Letters of “Bern” - Statistics

General Stats
  • This quiz has been taken 10 times
  • The average score is 14 of 25
Answer Stats
Continents Capitals % Correct
North America Ottawa
88%
Asia Dhaka
75%
Africa Dodoma
75%
Asia Muscat
75%
Europe Oslo
75%
South America Quito
75%
Asia Tokyo
75%
Oceania Apia
63%
Asia Doha
63%
South America Lima
63%
Europe Stockholm
63%
Asia Thimphu
63%
Africa Kampala
50%
Africa Kigali
50%
Asia Kuwait City
50%
Africa Maputo
50%
Africa Mogadishu
50%
Europe Moscow
50%
Europe Sofia
50%
Oceania Suva
50%
Asia Dili
38%
Europe Vaduz
38%
Africa Lusaka
25%
Africa Ouagadougou
25%
Asia Damascus
13%
No matching quizzes found
Score Distribution
Percent of People with Each Score
Percentile by Number Answered
Your Score History
You have not taken this quiz